Nghiên cứu nhu cầu duy trì và hiệu quả sử dụng protein, năng lượng của cá lóc (Channa striata) : Luận văn tốt nghiệp Cao học: Ngành nuôi trồng thuỷ sản

Nghiên cứu xác định nhu cầu duy trì và hiệu quả sử dụng protein, năng lượng của cá lóc (Channa striata) được tiến hành tại Khoa thuỷ sản, trường Đại học Cần Thơ.

保存先:
書誌詳細
第一著者: Huỳnh, Phan Tuyên
フォーマット: 図書
言語:Undetermined
出版事項: Cần Thơ Đại học Cần Thơ 2013
主題:
タグ: タグ追加
タグなし, このレコードへの初めてのタグを付けませんか!
Thư viện lưu trữ: Trung tâm Học liệu Trường Đại học Cần Thơ
LEADER 01149nam a2200229Ia 4500
001 CTU_183799
008 210402s9999 xx 000 0 und d
082 |a 639.31 
082 |b T527 
088 |a 606270 
100 |a Huỳnh, Phan Tuyên 
245 0 |a Nghiên cứu nhu cầu duy trì và hiệu quả sử dụng protein, năng lượng của cá lóc (Channa striata) : 
245 0 |b Luận văn tốt nghiệp Cao học: Ngành nuôi trồng thuỷ sản 
245 0 |c Huỳnh Phan Tuyên ; Trương Quốc Phú, Trần Thị Thanh Hiền (Cán bộ hướng dẫn) 
260 |a Cần Thơ 
260 |b Đại học Cần Thơ 
260 |c 2013 
520 |a Nghiên cứu xác định nhu cầu duy trì và hiệu quả sử dụng protein, năng lượng của cá lóc (Channa striata) được tiến hành tại Khoa thuỷ sản, trường Đại học Cần Thơ. 
650 |a Nuôi cá lóc,Fish culture,Channa striata 
904 |i Tôn Trúc Quân 
910 |a Nguyên 
980 |a Trung tâm Học liệu Trường Đại học Cần Thơ